| 000 | 02167cam a22003854a 4500 | ||
|---|---|---|---|
| 001 | 6135516 | ||
| 003 | ARRUPE | ||
| 005 | 20150130114038.0 | ||
| 008 | 060125s2006 nyua b 001 0 eng | ||
| 010 | _a 2006002726 | ||
| 020 | _a0415221005 (hbk. : alk. paper) | ||
| 020 | _a9780415221009 (hbk. : alk. paper) | ||
| 020 | _a0415221013 (pbk. : alk. paper) | ||
| 020 | _a9780415221016 (pbk. : alk. paper) | ||
| 035 | _a(OCoLC)ocm63187512 | ||
| 035 | _a(NNC)6135516 | ||
| 040 |
_aDLC _cDLC _dBAKER _dBWKUK _dBTCTA _dYDXCP _dOCLCQ _dYDX _dOrLoB-B |
||
| 042 | _apcc | ||
| 050 | 0 | 0 |
_aBF311 _b.C552322 2006 |
| 082 | 0 | 0 |
_a153 _222 |
| 245 | 0 | 0 |
_aCognitive science : _ban introduction to mind and brain / _cDaniel Kolak ... [et al.]. |
| 260 |
_aNew York ; _aLondon : _bRoutledge, _c2006. |
||
| 300 |
_aix, 243 p. : _bill. ; _c26 cm. |
||
| 504 | _aIncludes bibliographical references (p. [225]-231) and index. | ||
| 505 | 0 | 0 |
_g1. _tBeginning concepts -- _g2. _tWindows on the brain and mind -- _g3. _tPerception -- _g4. _tThought: memory, reasoning, and knowledge -- _g5. _tAction and emotion -- _g6. _tLanguage -- _g7. _tConsciousness. |
| 520 | 1 | _a"Cognitive Science is a new guide to the central theories and problems in the study of the mind and brain. The authors clearly explain how and why cognitive science aims to understand the brain as a computational system that manipulates representations. They identify the roots of cognitive science in Descartes - who argued that all knowledge of the external world is filtered through some sort of representation - and examine the present-day role of artificial intelligence, computing, psychology, linguistics and neuroscience." "Throughout, the key building blocks of cognitive science are clearly illustrated: perception, memory, attention, emotion, language, control of movement, learning, understanding and other important mental phenomena."--BOOK JACKET. | |
| 650 | 0 |
_aCognition. _92049 |
|
| 650 | 0 |
_aCognitive science. _92345 |
|
| 650 | 0 |
_aBrain. _914681 |
|
| 650 | 0 |
_aPsychology. _920 |
|
| 700 | 1 |
_aKolak, Daniel. _914682 |
|
| 900 | _bTOC | ||
| 942 |
_2lcc _cMONOGRAPH |
||
| 948 | 1 |
_a20070403 _bc _crad1 _dMPS |
|
| 999 |
_c121908 _d121908 |
||